[Event "Kaikoura op"]
[Site "Kaikoura"]
[Date "2008.11.11"]
[Round "7"]
[White "Nokes, Roger I"]
[Black "Toth, Andras"]
[Result "1/2-1/2"]
[WhiteElo "2293"]
[BlackElo "2401"]
[PlyCount "52"]
[EventDate "2008.11.08"]
[EventType "swiss"]
[EventRounds "9"]
[EventCountry "NZL"]
[SourceTitle "CBM 127 Extra"]
[Source "ChessBase"]
[SourceDate "2009.01.08"]
[SourceVersion "2"]
[SourceVersionDate "2009.01.28"]
[SourceQuality "1"]

1. e4 c5 2. Nf3 d6 3. d4 cxd4 4. Nxd4 Nf6 5. Nc3 a6 6. f3 e5 7. Nb3 Be6 8. Be3 Be7 9. Qd2 0-0 10. 0-0-0 a5 11. Bb5 Na6 12. Qe2 Qb8 13. Kb1 Nc7 14. a4 Rc8 15. Bd3 d5 16. exd5 Ncxd5 17. Nxd5 Nxd5 18. Bc1 Nb4 19. Rhe1 Nxd3 20. Qxd3 Rc4 21. Re4 Rxe4 22. Qxe4 Qc7 23. Bd2 Qd7 24. Qxe5 Bxb3 25. cxb3 Qd3+ 26. Ka2 Bb4 1/2-1/2

[Event "Kaikoura op"]
[Site "Kaikoura"]
[Date "2008.11.10"]
[Round "5"]
[White "Nokes, Roger I"]
[Black "Johansen, Darryl Keith"]
[Result "1-0"]
[WhiteElo "2293"]
[BlackElo "2446"]
[PlyCount "77"]
[EventDate "2008.11.08"]
[EventType "swiss"]
[EventRounds "9"]
[EventCountry "NZL"]
[SourceTitle "CBM 127 Extra"]
[Source "ChessBase"]
[SourceDate "2009.01.08"]
[SourceVersion "2"]
[SourceVersionDate "2009.01.28"]
[SourceQuality "1"]

1. e4 e6 2. Qe2 c5 3. Nf3 Nc6 4. c3 d5 5. d3 b6 6. e5 Qc7 7. h4 f6 8. exf6 Nxf6 9. Na3 a6 10. Bg5 Be7 11. g3 0-0 12. Bg2 e5 13. Nc2 h6 14. Bxf6 Bxf6 15. Nd2 Be6 16. 0-0 Rae8 17. Rfe1 b5 18. Bf1 Rd8 19. Nb3 c4 20. Nc5 Bc8 21. b4 cxd3 22. Qxd3 e4 23. Qd2 Ne5 24. Nd4 Nc4 25. Qe2 Rde8 26. a4 Qb6 27. axb5 axb5 28. Ra8 Be7 29. Rxc8 Rxc8 30. Nd7 Qa6 31. Nxf8 Rxf8 32. Qh5 Bd8 33. Bh3 Bf6 34. Ne6 Rb8 35. Qxd5 Qd6 36. Nf4+ Kh8 37. Ng6+ Kh7 38. Qxe4 Bxc3 39. Be6 1-0

[Event "Olympiad-37"]
[Site "Turin"]
[Date "2006.05.29"]
[Round "8"]
[White "Nokes, Roger I"]
[Black "Valdes Romero, Leonardo"]
[Result "0-1"]
[WhiteElo "2322"]
[BlackElo "2374"]
[PlyCount "122"]
[EventDate "2006.05.21"]
[EventType "team-swiss"]
[EventRounds "13"]
[EventCountry "ITA"]
[SourceTitle "CBM 113"]
[Source "ChessBase"]
[SourceDate "2006.07.31"]
[SourceVersion "1"]
[SourceVersionDate "2006.07.31"]
[SourceQuality "1"]
[WhiteTeam "New Zealand"]
[BlackTeam "Costa Rica"]
[WhiteTeamCountry "NZL"]
[BlackTeamCountry "CRI"]

1. e4 d6 2. d4 Nf6 3. Nc3 g6 4. Be3 c6 5. h3 Bg7 6. f4 Qb6 7. Qc1 Na6 8. g4 c5 9. Nf3 0-0 10. Bg2 cxd4 11. Bxd4 Qa5 12. 0-0 Be6 13. Re1 Rac8 14. a3 Rfe8 15. Qe3 Qc7 16. Rac1 b6 17. Qf2 Nc5 18. Qh4 h6 19. g5 hxg5 20. Nxg5 Nh5 21. Bxg7 Kxg7 22. f5 Bd7 23. Nd5 Qd8 24. b4 e6 25. f6+ Nxf6 26. Nxf6 Rh8 27. Qg3 Qxf6 28. e5 Qe7 29. Rf1 Be8 30. exd6 Qd7 31. bxc5 Rxc5 32. Ne4 Ra5 33. Nf6 Qa4 34. Rcd1 Bb5 35. d7 Bxf1 36. Ne8+ Rxe8 37. dxe8Q Qxe8 38. Rxf1 Qe7 39. Rf3 Qc5+ 40. Qf2 Qe7 41. Rd3 Rxa3 42. Rxa3 Qxa3 43. Qd4+ Kg8 44. Qd8+ Kg7 45. Qd4+ Kg8 46. Qd8+ Qf8 47. Qd7 a5 48. Kf1 Qc5 49. Ke1 Qxc2 50. Qd8+ Kg7 51. Qd4+ f6 52. Qd7+ Kh6 53. Bc6 Qc3+ 54. Kd1 Qxh3 55. Qe8 Qd3+ 56. Kc1 Qe3+ 57. Kd1 Kg5 58. Bd7 e5 59. Qe6 Qd4+ 60. Kc1 a4 61. Be8 a3 0-1

[Event "Olympiad-37"]
[Site "Turin"]
[Date "2006.05.25"]
[Round "5"]
[White "Nokes, Roger I"]
[Black "Iturrizaga Bonelli, Eduardo"]
[Result "1/2-1/2"]
[WhiteElo "2322"]
[BlackElo "2232"]
[PlyCount "137"]
[EventDate "2006.05.21"]
[EventType "team-swiss"]
[EventRounds "13"]
[EventCountry "ITA"]
[SourceTitle "CBM 113"]
[Source "ChessBase"]
[SourceDate "2006.07.31"]
[SourceVersion "1"]
[SourceVersionDate "2006.07.31"]
[SourceQuality "1"]
[WhiteTeam "New Zealand"]
[BlackTeam "Venezuela"]
[WhiteTeamCountry "NZL"]
[BlackTeamCountry "VEN"]

1. e4 c5 2. Nf3 d6 3. d4 cxd4 4. Nxd4 Nf6 5. Nc3 a6 6. f3 e5 7. Nb3 Be6 8. Be3 Nbd7 9. Qd2 h5 10. 0-0-0 Rc8 11. Kb1 Be7 12. Be2 b5 13. Nd5 Bxd5 14. exd5 Nb6 15. Bxb6 Qxb6 16. Bd3 0-0 17. g4 Nxd5 18. gxh5 Nf4 19. Rhg1 d5 20. Rg4 Kh8 21. Rdg1 Rg8 22. Re1 Qf6 23. Nc1 Bd6 24. Ne2 Ne6 25. Nc3 Rc5 26. Reg1 Rgc8 27. Nd1 Bf8 28. Ne3 Nd4 29. Rxd4 exd4 30. Nf5 Re8 31. f4 Rc6 32. a3 Rce6 33. Qf2 a5 34. Rg5 b4 35. a4 Re1+ 36. Ka2 Qc6 37. Bb5 b3+ 38. Kxb3 Rb8 39. Qxd4 Re4 40. Qd3 Rxf4 41. Nd4 Qc5 42. c3 Be7 43. Rf5 Rxf5 44. Qxf5 Bf6 45. Qf4 Rb6 46. Ka2 Qd6 47. Qf5 Bxd4 48. cxd4 Qe6 49. Qg5 Rb8 50. Qd2 Ra8 51. Bd3 Qb6 52. Qf2 Qf6 53. Qe3 Rb8 54. Bb5 Qe6 55. Qc3 Ra8 56. Qc7 Kg8 57. Qb7 Qc8 58. Qxd5 Qe6 59. Qxe6 fxe6 60. b4 axb4 61. Kb3 Rd8 62. a5 Rd5 63. Kxb4 Rxd4+ 64. Kc5 Rd2 65. a6 Ra2 66. Bc4 Ra1 67. Bxe6+ Kh7 68. Kb6 Kh6 69. a7 1/2-1/2

[Event "Queenstown op"]
[Site "Queenstown"]
[Date "2006.01.23"]
[Round "9"]
[White "Hohler, Peter"]
[Black "Nokes, Roger I"]
[Result "0-1"]
[WhiteElo "2219"]
[BlackElo "2330"]
[PlyCount "96"]
[EventDate "2006.01.15"]
[EventType "swiss"]
[EventRounds "10"]
[EventCountry "NZL"]
[SourceTitle "CBM 110 Extra"]
[Source "ChessBase"]
[SourceDate "2006.03.10"]
[SourceVersion "2"]
[SourceVersionDate "2006.03.10"]
[SourceQuality "1"]

1. d4 Nf6 2. Nf3 c5 3. dxc5 Qa5+ 4. Nbd2 Qxc5 5. c4 g6 6. e4 Bg7 7. Bd3 0-0 8. 0-0 d6 9. h3 Qc7 10. Bb1 a5 11. b3 Nc6 12. a3 Nh5 13. Re1 Kh8 14. Nf1 e5 15. Ne3 Ne7 16. Nd5 Nxd5 17. cxd5 Qe7 18. Be3 Nf4 19. Bc2 g5 20. Nh2 Qf6 21. Rc1 Qg6 22. Qd2 Rg8 23. Kh1 Bf6 24. f3 h5 25. Bd1 Bd8 26. Rc3 Bd7 27. Be2 f5 28. Bd1 fxe4 29. Bc2 Nd3 30. Bxd3 exd3 31. Qxd3 Qf7 32. g4 b5 33. Rcc1 b4 34. a4 Rg7 35. Kg2 Rh7 36. Nf1 hxg4 37. hxg4 Rc8 38. Ng3 Be7 39. Ne4 Rf8 40. Bxg5 Bxg4 41. fxg4 Bxg5 42. Rc6 Bf4 43. Rf1 Rh2+ 44. Kg1 Qh7 45. Nf2 Rh1+ 46. Kg2 Qh2+ 47. Kf3 Rxf1 48. Qxf1 Qg3+ 0-1

[Event "Queenstown op"]
[Site "Queenstown"]
[Date "2006.01.22"]
[Round "8"]
[White "Nokes, Roger I"]
[Black "Spain, Graeme"]
[Result "1/2-1/2"]
[WhiteElo "2330"]
[BlackElo "2193"]
[PlyCount "163"]
[EventDate "2006.01.15"]
[EventType "swiss"]
[EventRounds "10"]
[EventCountry "NZL"]
[SourceTitle "CBM 110 Extra"]
[Source "ChessBase"]
[SourceDate "2006.03.10"]
[SourceVersion "2"]
[SourceVersionDate "2006.03.10"]
[SourceQuality "1"]

1. e4 d5 2. exd5 Qxd5 3. Nc3 Qe5+ 4. Be2 c6 5. d4 Qc7 6. Nf3 Bf5 7. 0-0 e6 8. Re1 Be7 9. Ne5 Nd7 10. Bf3 Nxe5 11. dxe5 Bc5 12. Qe2 a6 13. Bf4 Ne7 14. Ne4 Bxe4 15. Bxe4 Ng6 16. Bg3 0-0 17. h4 Rfd8 18. Qf3 Ne7 19. h5 Nd5 20. a3 a5 21. Bd3 Bf8 22. Bh4 Re8 23. Rad1 b5 24. Rd2 a4 25. c4 bxc4 26. Bxc4 Qa5 27. Red1 Qb6 28. Bd3 Qc7 29. Qe4 g6 30. Rc2 Bg7 31. hxg6 hxg6 32. Bg3 Rec8 33. Rdc1 Qb7 34. Qg4 Qd7 35. Be4 Ne7 36. Rd1 Nd5 37. Rd3 Rcb8 38. Qd1 Qb7 39. Qc1 Rc8 40. f4 Bh6 41. Rf3 Rab8 42. Bf2 Qa6 43. g3 Rb3 44. Kg2 Rxf3 45. Kxf3 Qb5 46. Kg2 Bf8 47. Bf3 Rc7 48. Be2 Qb7 49. Qd1 Qb3 50. Qd2 Rc8 51. Bc4 Qb7 52. Qe2 Ra8 53. Qf3 Rc8 54. Kg1 Ra8 55. Re2 Bg7 56. Bd4 Rd8 57. Bc5 Bf8 58. Bf2 Bh6 59. Rd2 Re8 60. Kf1 Ra8 61. Ke1 Rb8 62. Kd1 Ra8 63. Kc1 Rb8 64. Bg1 Kf8 65. Bc5+ Kg8 66. Qh1 Bf8 67. Bxf8 Kxf8 68. g4 Qb6 69. f5 gxf5 70. gxf5 exf5 71. Bxd5 cxd5 72. Qxd5 Qg1+ 73. Rd1 Qe3+ 74. Kb1 Qe4+ 75. Qxe4 fxe4 76. Re1 Ra8 77. Rxe4 Ke7 78. Kc2 Ke6 79. Re2 Ra5 80. Re4 Kf5 81. Rh4 Kxe5 82. b4 1/2-1/2

[Event "Queenstown op"]
[Site "Queenstown"]
[Date "2006.01.21"]
[Round "7"]
[White "Froehlich, Peter"]
[Black "Nokes, Roger I"]
[Result "1/2-1/2"]
[WhiteElo "2360"]
[BlackElo "2330"]
[PlyCount "105"]
[EventDate "2006.01.15"]
[EventType "swiss"]
[EventRounds "10"]
[EventCountry "NZL"]
[SourceTitle "CBM 110 Extra"]
[Source "ChessBase"]
[SourceDate "2006.03.10"]
[SourceVersion "2"]
[SourceVersionDate "2006.03.10"]
[SourceQuality "1"]

1. Nf3 Nf6 2. c4 c5 3. Nc3 e6 4. g3 Be7 5. Bg2 0-0 6. 0-0 d6 7. d4 cxd4 8. Nxd4 a6 9. b3 Qc7 10. Bb2 Nc6 11. Rc1 Nxd4 12. Qxd4 Rb8 13. Qf4 b6 14. Rfd1 Bb7 15. Bxb7 Rxb7 16. Ba3 Rd8 17. Rd3 Qb8 18. Rcd1 Rbd7 19. e4 h6 20. f3 Bf8 21. Kg2 Qc7 22. Qe3 Qc6 23. Ne2 b5 24. cxb5 axb5 25. Bb2 Be7 26. Nd4 Qb7 27. Rc1 Ra8 28. a3 Bf8 29. b4 Re8 30. Nc6 e5 31. Qd2 Rc7 32. Na5 Qc8 33. Rxc7 Qxc7 34. Qc3 Qa7 35. Qc6 d5 36. exd5 e4 37. Bd4 Qb8 38. Rc3 exf3+ 39. Rxf3 Rc8 40. Qb7 Rc2+ 41. Rf2 Qe8 42. d6 Rxf2+ 43. Bxf2 Bxd6 44. Qc6 Qe5 45. Nb7 Bf8 46. Nc5 Qe2 47. Qf3 Qc4 48. Qd3 Qa2 49. h3 h5 50. Qb3 Qe2 51. Qd3 Qa2 52. Qb3 Qe2 53. Qd3 1/2-1/2

[Event "Oceania zt"]
[Site "Auckland"]
[Date "2005.01.31"]
[Round "2"]
[White "Stojic, Dusan"]
[Black "Nokes, Roger I"]
[Result "1/2-1/2"]
[WhiteElo "2036"]
[BlackElo "2329"]
[PlyCount "157"]
[EventDate "2005.01.30"]
[EventType "swiss"]
[EventRounds "9"]
[EventCountry "NZL"]
[SourceTitle "CBM 104 Extra"]
[Source "ChessBase"]
[SourceDate "2005.03.01"]
[SourceVersion "1"]
[SourceVersionDate "2005.03.01"]
[SourceQuality "1"]

1. e4 c5 2. Nf3 Nc6 3. d4 cxd4 4. Nxd4 Nf6 5. Nc3 e5 6. Ndb5 d6 7. Bg5 a6 8. Na3 b5 9. Nd5 Be7 10. Bxf6 Bxf6 11. c3 0-0 12. Nc2 Bg5 13. a4 bxa4 14. Rxa4 a5 15. Bc4 Rb8 16. b3 Kh8 17. 0-0 f5 18. exf5 Bxf5 19. Nce3 Bg6 20. Be2 Rb7 21. Bf3 Qb8 22. Nc4 Rxb3 23. Nb4 Rb1 24. Nxc6 Rxd1 25. Nxb8 Rxf1+ 26. Kxf1 Rxb8 27. Ke2 e4 28. Bg4 Bf6 29. Rxa5 Bxc3 30. Ra3 Bb4 31. Ra6 Rd8 32. Be6 Bc5 33. Bd5 h5 34. Ra8 Rxa8 35. Bxa8 Kg8 36. Nd2 Kf8 37. Bxe4 Bf7 38. h3 Ke7 39. f4 d5 40. Bd3 Kf6 41. g4 g5 42. fxg5+ Kxg5 43. gxh5 Bxh5+ 44. Ke1 Kf4 45. Be2 Bg6 46. Nf1 d4 47. Kd1 Be4 48. Bg4 Bc6 49. Be2 Bb4 50. h4 Be4 51. Nd2 Bh7 52. Nf1 Be7 53. Kd2 Bxh4 54. Nh2 Bd8 55. Bd3 Bg8 56. Ke2 Bf7 57. Kf2 Bd5 58. Ke2 Bh4 59. Nf1 Bf3+ 60. Kd2 Bf6 61. Kc2 Bd5 62. Nd2 Ke3 63. Nc4+ Kf2 64. Nd2 Bg7 65. Nb3 Ke1 66. Nxd4 Bxd4 67. Bg6 Ke2 68. Bd3+ Ke3 69. Bg6 Bc6 70. Kb3 Bc5 71. Kc4 Bb6 72. Bf7 Bd4 73. Bd5 Bd7 74. Bb7 Be6+ 75. Kb5 Ba7 76. Ka6 Bc5 77. Bc6 Kd4 78. Kb7 Bc4 79. Ka8 1/2-1/2

[Event "Olympiad-36"]
[Site "Mallorca"]
[Date "2004.10.29"]
[Round "14"]
[White "Karkanaque, Ilir"]
[Black "Nokes, Roger I"]
[Result "1/2-1/2"]
[WhiteElo "2382"]
[BlackElo "2333"]
[PlyCount "30"]
[EventDate "2004.10.15"]
[EventType "team-swiss"]
[EventRounds "14"]
[EventCountry "ESP"]
[SourceTitle "CBM 104"]
[Source "ChessBase"]
[SourceDate "2005.01.27"]
[SourceVersion "1"]
[SourceVersionDate "2005.01.27"]
[SourceQuality "1"]
[WhiteTeam "Albania"]
[BlackTeam "New Zealand"]
[WhiteTeamCountry "ALB"]
[BlackTeamCountry "NZL"]

1. Nf3 c5 2. c4 Nc6 3. d4 cxd4 4. Nxd4 Nf6 5. Nc3 g6 6. e4 d6 7. Be2 Bg7 8. Be3 0-0 9. 0-0 a6 10. Qd2 Rb8 11. Rfd1 Ng4 12. Bxg4 Bxg4 13. f3 Bd7 14. Rac1 Re8 15. b3 Ne5 1/2-1/2

[Event "Olympiad-36"]
[Site "Mallorca"]
[Date "2004.10.27"]
[Round "12"]
[White "Najjar, Ahmad"]
[Black "Nokes, Roger I"]
[Result "1/2-1/2"]
[WhiteElo "2337"]
[BlackElo "2333"]
[PlyCount "40"]
[EventDate "2004.10.15"]
[EventType "team-swiss"]
[EventRounds "14"]
[EventCountry "ESP"]
[SourceTitle "CBM 104"]
[Source "ChessBase"]
[SourceDate "2005.01.27"]
[SourceVersion "1"]
[SourceVersionDate "2005.01.27"]
[SourceQuality "1"]
[WhiteTeam "Lebanon"]
[BlackTeam "New Zealand"]
[WhiteTeamCountry "LBN"]
[BlackTeamCountry "NZL"]

1. Nf3 Nf6 2. c4 c5 3. Nc3 Nc6 4. e3 e6 5. d4 d5 6. cxd5 exd5 7. Be2 cxd4 8. Nxd4 Bd6 9. Bf3 0-0 10. 0-0 Be5 11. Qd3 a6 12. Rd1 Be6 13. Nce2 Qd7 14. Bd2 Bxd4 15. Nxd4 Ne5 16. Qf1 Nxf3+ 17. gxf3 Bh3 18. Qd3 Ne4 19. Qe2 Nxd2 20. Qxd2 Rad8 1/2-1/2

[Event "Olympiad-36"]
[Site "Mallorca"]
[Date "2004.10.23"]
[Round "8"]
[White "Chikhaoui, Walid"]
[Black "Nokes, Roger I"]
[Result "1/2-1/2"]
[WhiteElo "2324"]
[BlackElo "2333"]
[PlyCount "93"]
[EventDate "2004.10.15"]
[EventType "team-swiss"]
[EventRounds "14"]
[EventCountry "ESP"]
[SourceTitle "CBM 104"]
[Source "ChessBase"]
[SourceDate "2005.01.27"]
[SourceVersion "1"]
[SourceVersionDate "2005.01.27"]
[SourceQuality "1"]
[WhiteTeam "Tunisia"]
[BlackTeam "New Zealand"]
[WhiteTeamCountry "TUN"]
[BlackTeamCountry "NZL"]

1. e4 c5 2. Nf3 Nc6 3. d4 cxd4 4. Nxd4 Nf6 5. Nc3 e5 6. Ndb5 d6 7. Bg5 a6 8. Bxf6 gxf6 9. Na3 b5 10. Nd5 Bg7 11. Bd3 Ne7 12. Qh5 Nxd5 13. exd5 Qd7 14. c4 b4 15. Nc2 f5 16. 0-0 Rb8 17. Rae1 0-0 18. Re3 e4 19. Rh3 h6 20. Be2 Qe7 21. Nd4 Qf6 22. Nc6 Rb6 23. g4 f4 24. g5 Qxb2 25. Ne7+ Kh8 26. Nxc8 Rxc8 27. Bg4 Rf8 28. gxh6 Bf6 29. Re1 Rg8 30. Qf5 Rbb8 31. h7 Rg5 32. Qxf4 Qe5 33. Qg3 Qd4 34. Kh1 a5 35. Rh5 Be5 36. Qg2 Rg7 37. Qxe4 Qxe4+ 38. Rxe4 a4 39. Bd1 b3 40. axb3 axb3 41. Re1 b2 42. Bc2 Rg4 43. Bb1 Rxc4 44. Rg5 Rc1 45. Reg1 Rxg1+ 46. Rxg1 Bg7 47. Kg2 1/2-1/2

[Event "Olympiad-36"]
[Site "Mallorca"]
[Date "2004.10.16"]
[Round "2"]
[White "Matthews, Shane"]
[Black "Nokes, Roger I"]
[Result "1-0"]
[WhiteElo "2251"]
[BlackElo "2333"]
[PlyCount "145"]
[EventDate "2004.10.15"]
[EventType "team-swiss"]
[EventRounds "14"]
[EventCountry "ESP"]
[SourceTitle "CBM 104"]
[Source "ChessBase"]
[SourceDate "2005.01.27"]
[SourceVersion "1"]
[SourceVersionDate "2005.01.27"]
[SourceQuality "1"]
[WhiteTeam "Jamaica"]
[BlackTeam "New Zealand"]
[WhiteTeamCountry "JAM"]
[BlackTeamCountry "NZL"]

1. e4 c5 2. Nf3 Nc6 3. d4 cxd4 4. Nxd4 Nf6 5. Nc3 e5 6. Ndb5 d6 7. Bg5 a6 8. Na3 b5 9. Bxf6 gxf6 10. Nd5 Bg7 11. Bd3 Ne7 12. Qf3 Nxd5 13. exd5 h5 14. h3 Qd7 15. c4 f5 16. cxb5 e4 17. Qe2 0-0 18. Bc4 axb5 19. Nxb5 Qe7 20. 0-0 Bd7 21. Nc3 Qg5 22. f4 Qg6 23. Bb5 Bxb5 24. Nxb5 Kh7 25. a4 Rg8 26. Ra3 h4 27. Kh1 Rac8 28. a5 Rc5 29. a6 Bxb2 30. Qxb2 Rxb5 31. Qf2 Qf6 32. Qe2 Rb2 33. Qh5+ Kg7 34. a7 Ra8 35. Ra6 Rb7 36. Rfa1 Re7 37. Rb1 Ree8 38. Rbb6 Red8 39. Rb7 e3 40. Qe2 Qd4 41. Rab6 Rxa7 42. Rxa7 Qxb6 43. Re7 Rc8 44. Qh5 Rf8 45. Qg5+ Kh7 46. Qxh4+ Kg7 47. Qg5+ Kh7 48. Qxf5+ Kg7 49. Qg5+ Kh7 50. f5 Qb2 51. Qh5+ Kg7 52. Qg5+ Kh7 53. Qh5+ Kg7 54. Qg5+ Kh7 55. Rxe3 Qg7 56. Qh4+ Qh6 57. Qxh6+ Kxh6 58. g4 Kg5 59. Kg2 Ra8 60. Kg3 Ra5 61. Rd3 Kf6 62. h4 Ra4 63. Rf3 Rd4 64. g5+ Kg7 65. h5 Rxd5 66. f6+ Kg8 67. Kg4 Rd4+ 68. Rf4 Rd1 69. g6 fxg6 70. hxg6 Kf8 71. Kg5 Rg1+ 72. Kf5 d5 73. Rh4 1-0

[Event "Canterbury op"]
[Site "Canterbury"]
[Date "2003.??.??"]
[Round "6.2"]
[White "Bleis, Christian"]
[Black "Nokes, Roger I"]
[Result "1/2-1/2"]
[WhiteElo "2258"]
[BlackElo "2310"]
[PlyCount "57"]
[EventDate "2003.10.25"]
[EventType "swiss"]
[EventRounds "6"]
[EventCountry "NZL"]
[SourceTitle "CBM 097 Extra"]
[Source "ChessBase"]
[SourceDate "2004.01.13"]
[SourceVersion "1"]
[SourceVersionDate "2004.01.13"]
[SourceQuality "1"]

1. d4 Nf6 2. c4 c5 3. d5 e6 4. Nc3 exd5 5. cxd5 d6 6. Nf3 g6 7. Nd2 Bg7 8. Nc4 0-0 9. Bg5 h6 10. Bf4 Na6 11. Qd2 b5 12. Nxb5 Ne4 13. Qc1 Nb4 14. f3 g5 15. fxe4 gxf4 16. a3 Qh4+ 17. Kd1 Bd7 18. axb4 Bxb5 19. Nxd6 Bd7 20. bxc5 Rab8 21. Ra2 Rb4 22. c6 Rd4+ 23. Kc2 Bxc6 24. Nf5 Bxd5 25. exd5 Rc8+ 26. Kb3 Rb8+ 27. Kc2 Rc8+ 28. Kb3 Rb8+ 29. Kc2 1/2-1/2

[Event "Canterbury op"]
[Site "Canterbury"]
[Date "2003.??.??"]
[Round "5.1"]
[White "Nokes, Roger I"]
[Black "West, Guy"]
[Result "1/2-1/2"]
[WhiteElo "2310"]
[BlackElo "2347"]
[PlyCount "68"]
[EventDate "2003.10.25"]
[EventType "swiss"]
[EventRounds "6"]
[EventCountry "NZL"]
[SourceTitle "CBM 097 Extra"]
[Source "ChessBase"]
[SourceDate "2004.01.13"]
[SourceVersion "1"]
[SourceVersionDate "2004.01.13"]
[SourceQuality "1"]

1. e4 e5 2. Bc4 Nf6 3. d3 Nc6 4. Nc3 Bb4 5. Bg5 d6 6. Nge2 Na5 7. 0-0 Nxc4 8. dxc4 Bxc3 9. Nxc3 Be6 10. Qd3 h6 11. Bxf6 Qxf6 12. c5 0-0-0 13. c6 bxc6 14. Qa6+ Kd7 15. Qxa7 Ra8 16. Qe3 Qg5 17. Rfe1 Rhb8 18. b3 Qxe3 19. Rxe3 Ra3 20. Nb1 Ra6 21. Nd2 c5 22. c4 Ra3 23. Nb1 Raa8 24. Nd2 Ra3 25. Nb1 Raa8 26. Nd2 g6 27. a4 Rg8 28. f3 Rg7 29. Kf2 f5 30. Ree1 f4 31. g4 Kc6 32. h4 Kb6 33. Ke2 Ka5 34. Kd3 h5 1/2-1/2

[Event "Auckland North Shore CC-ch"]
[Site "Auckland"]
[Date "1992.??.??"]
[Round "?"]
[White "Watson, Bruce R"]
[Black "Nokes, Roger I"]
[Result "0-1"]
[WhiteElo "2260"]
[BlackElo "2310"]
[PlyCount "62"]
[EventDate "1992.09.??"]
[EventType "tourn"]
[EventRounds "11"]
[EventCountry "NZL"]
[SourceTitle "EXT 2003"]
[Source "ChessBase"]
[SourceDate "2002.11.25"]
[SourceVersion "1"]
[SourceVersionDate "2002.11.25"]
[SourceQuality "1"]

1. Nf3 g6 2. d4 Nf6 3. g3 Bg7 4. Bg2 0-0 5. 0-0 d6 6. c4 Nbd7 7. Nc3 e5 8. e4 exd4 9. Nxd4 Re8 10. Re1 Nc5 11. Nb3 Bg4 12. f3 Nxb3 13. axb3 Be6 14. Be3 Qc8 15. Qd2 Bh3 16. b4 Bxg2 17. Kxg2 Nd7 18. c5 dxc5 19. bxc5 Ne5 20. Bg5 c6 21. f4 h6 22. Bh4 Nd7 23. b4 Nf8 24. e5 g5 25. fxg5 Ng6 26. Re4 Rxe5 27. Rae1 Rxe4 28. Nxe4 Qg4 29. Kh1 Nxh4 30. gxh4 Qxh4 31. Qg2 Qxe1+ 0-1

[Event "North Shore-ch"]
[Site "North Shore"]
[Date "1991.??.??"]
[Round "?"]
[White "Green, Ewen M"]
[Black "Nokes, Roger I"]
[Result "1/2-1/2"]
[WhiteElo "2290"]
[BlackElo "2310"]
[PlyCount "33"]
[EventDate "1991.??.??"]
[EventType "tourn"]
[EventRounds "11"]
[EventCountry "NZL"]
[SourceTitle "EXT 1997"]
[Source "ChessBase"]
[SourceDate "1996.11.15"]
[SourceVersion "1"]
[SourceVersionDate "1996.11.15"]
[SourceQuality "1"]

1. c4 Nf6 2. Nc3 c5 3. g3 Nc6 4. Bg2 e6 5. Nf3 d5 6. cxd5 exd5 7. d4 Be7 8. 0-0 0-0 9. Bg5 cxd4 10. Nxd4 h6 11. Be3 Bg4 12. Qa4 Qd7 13. Rfd1 Bh3 14. Nb3 Bxg2 15. Kxg2 Rfe8 16. Bd4 Nxd4 17. Qxd7 1/2-1/2

[Event "Doeberl Cup"]
[Site "Canberra"]
[Date "1987.??.??"]
[Round "5"]
[White "Nokes, Roger I"]
[Black "Pickles, Stephen"]
[Result "1/2-1/2"]
[WhiteElo "2310"]
[BlackElo "2230"]
[PlyCount "55"]
[EventDate "1987.??.??"]
[EventType "swiss"]
[EventRounds "7"]
[EventCountry "AUS"]
[SourceTitle "EXT 2003"]
[Source "ChessBase"]
[SourceDate "2002.11.25"]
[SourceVersion "1"]
[SourceVersionDate "2002.11.25"]
[SourceQuality "1"]

1. e4 d5 2. exd5 Qxd5 3. Nc3 Qa5 4. d4 Nf6 5. Be2 Nc6 6. Bf3 e5 7. Bxc6+ bxc6 8. dxe5 Qxe5+ 9. Qe2 Qxe2+ 10. Ngxe2 Bd6 11. 0-0 0-0 12. Bf4 Rb8 13. b3 Ba6 14. Bxd6 cxd6 15. Rfd1 Bxe2 16. Nxe2 Rfe8 17. Kf1 d5 18. Rac1 Red8 19. Nd4 Rb6 20. f3 Ra6 21. a4 Kf8 22. c3 c5 23. Nc2 Rb8 24. Rb1 Rab6 25. b4 d4 26. c4 cxb4 27. c5 Rc6 28. Rxb4 1/2-1/2

[Event "NZL-ch"]
[Site "New Zeeland"]
[Date "1986.??.??"]
[Round "?"]
[White "Garbett, Paul Anthony"]
[Black "Nokes, Roger I"]
[Result "1/2-1/2"]
[WhiteElo "2310"]
[BlackElo "2310"]
[PlyCount "36"]
[EventDate "1986.??.??"]
[EventType "swiss"]
[EventRounds "11"]
[EventCountry "NZL"]
[SourceTitle "EXT 1997"]
[Source "ChessBase"]
[SourceDate "1996.11.15"]
[SourceVersion "1"]
[SourceVersionDate "1996.11.15"]
[SourceQuality "1"]

1. e4 c5 2. Nf3 Nc6 3. d4 cxd4 4. Nxd4 Nf6 5. Nc3 d6 6. Bg5 e6 7. Qd2 Be7 8. 0-0-0 0-0 9. f4 h6 10. Bh4 Bd7 11. Nb3 d5 12. exd5 Nxd5 13. Bxe7 Ncxe7 14. Nxd5 Nxd5 15. f5 Qc7 16. g3 Nf6 17. fxe6 Bxe6 18. Qd6 Qxd6 1/2-1/2

[Event "NZL-ch"]
[Site "New Zeeland"]
[Date "1986.??.??"]
[Round "?"]
[White "Sarapu, Ortvin"]
[Black "Nokes, Roger I"]
[Result "1-0"]
[WhiteElo "2335"]
[BlackElo "2310"]
[PlyCount "75"]
[EventDate "1986.??.??"]
[EventType "swiss"]
[EventRounds "11"]
[EventCountry "NZL"]
[SourceTitle "EXT 1997"]
[Source "ChessBase"]
[SourceDate "1996.11.15"]
[SourceVersion "1"]
[SourceVersionDate "1996.11.15"]
[SourceQuality "1"]

1. e4 a6 2. d4 b5 3. Nf3 Bb7 4. Bd3 Nf6 5. e5 Nd5 6. a4 b4 7. Ng5 e6 8. Qf3 Qe7 9. c4 bxc3 10. bxc3 Nc6 11. Ne4 f5 12. exf6 gxf6 13. 0-0 Bg7 14. Nc5 Bc8 15. Re1 0-0 16. Ba3 Qf7 17. Bc4 Kh8 18. Nd2 Rg8 19. Nde4 f5 20. Ng3 f4 21. Bxd5 exd5 22. Nd3 Bh6 23. Bc1 Rf8 24. Nh5 d6 25. Bxf4 Qg6 26. Qxd5 Bf5 27. Bxh6 Qxh6 28. Ndf4 Bd7 29. Ne6 Rg8 30. Ng3 Ne7 31. Qh5 Qf6 32. Qe2 Ng6 33. Nxc7 Raf8 34. Nd5 Qf7 35. c4 Nh4 36. Ra3 Bg4 37. Qc2 Ng6 38. Qd2 1-0